[Event "DEM U10w 2025"]
[Site "Willingen GER"]
[Date "2025.06.14"]
[Round "9"]
[White "Quauck, Johanna"]
[Black "Winkler, Helena"]
[Result "1/2-1/2"]
[Termination "normal"]
[Board "19"]
[WhiteElo "973"]
[BlackElo "953"]
[WhiteClock "00:48:53"]
[BlackClock "01:21:34"]
[PlyCount "67"]
[WhiteFideId "533043604"]
[BlackFideId "533018847"]
[EventCountry "GER"]
[EventRounds "9"]
[EventType "swiss"]
[EventDate "2025.06.07"]

1. e4 {[%clk 01:30:58]} {[%emt 00:00:02]} e5 {[%clk 01:30:55]} {[%emt
00:00:06]} 2. Nf3 {[%clk 01:31:21]} {[%emt 00:00:07]} Nf6 {[%clk 01:31:21]}
{[%emt 00:00:04]} 3. Nxe5 {[%clk 01:31:37]} {[%emt 00:00:14]} Nc6 {[%clk
01:31:44]} {[%emt 00:00:07]} 4. d4 {[%clk 01:30:28]} {[%emt 00:01:39]} Nxe4
{[%clk 01:32:03]} {[%emt 00:00:12]} 5. Nxf7 {[%clk 01:30:11]} {[%emt 00:00:46]}
Kxf7 {[%clk 01:32:04]} {[%emt 00:00:28]} 6. Qh5+ {[%clk 01:30:17]} {[%emt
00:00:25]} Ke7 {[%clk 01:31:38]} {[%emt 00:00:57]} 7. Qh4+ {[%clk 01:30:28]}
{[%emt 00:00:18]} Nf6 {[%clk 01:31:49]} {[%emt 00:00:19]} 8. d5 {[%clk
01:29:57]} {[%emt 00:01:01]} Nb8 {[%clk 01:31:24]} {[%emt 00:00:55]} 9. Bg5
{[%clk 01:26:15]} {[%emt 00:04:12]} Kf7 {[%clk 01:30:48]} {[%emt 00:01:06]} 10.
Nc3 {[%clk 01:25:11]} {[%emt 00:01:34]} h6 {[%clk 01:30:38]} {[%emt 00:00:40]}
11. Be3 {[%clk 01:24:53]} {[%emt 00:00:47]} Be7 {[%clk 01:30:23]} {[%emt
00:00:45]} 12. Bc4 {[%clk 01:24:31]} {[%emt 00:00:53]} d6 {[%clk 01:30:35]}
{[%emt 00:00:18]} 13. Qf4 {[%clk 01:23:26]} {[%emt 00:01:35]} Rf8 {[%clk
01:29:58]} {[%emt 00:01:07]} 14. Qf3 {[%clk 01:21:35]} {[%emt 00:02:20]} Ke8
{[%clk 01:29:40]} {[%emt 00:00:49]} 15. Qd1 {[%clk 01:18:44]} {[%emt 00:03:21]}
Qd7 {[%clk 01:29:01]} {[%emt 00:01:10]} 16. f3 {[%clk 01:16:27]} {[%emt
00:02:46]} b6 {[%clk 01:28:36]} {[%emt 00:00:55]} 17. Qd2 {[%clk 01:12:24]}
{[%emt 00:04:33]} Na6 {[%clk 01:28:54]} {[%emt 00:00:11]} 18. a3 {[%clk
01:11:49]} {[%emt 00:01:06]} Bb7 {[%clk 01:28:54]} {[%emt 00:00:29]} 19. O-O-O
{[%clk 01:09:33]} {[%emt 00:02:46]} Nc5 {[%clk 01:28:18]} {[%emt 00:01:06]} 20.
Rhe1 {[%clk 01:04:30]} {[%emt 00:05:33]} Kd8 {[%clk 01:28:36]} {[%emt
00:00:12]} 21. b3 {[%clk 01:03:56]} {[%emt 00:01:04]} Kc8 {[%clk 01:27:05]}
{[%emt 00:02:01]} 22. h3 {[%clk 01:02:24]} {[%emt 00:02:02]} a5 {[%clk
01:26:15]} {[%emt 00:01:20]} 23. a4 {[%clk 01:02:05]} {[%emt 00:00:49]} Ba6
{[%clk 01:26:32]} {[%emt 00:00:13]} 24. Bxa6+ {[%clk 01:01:12]} {[%emt
00:01:23]} Nxa6 {[%clk 01:26:43]} {[%emt 00:00:19]} 25. Nb5 {[%clk 00:59:35]}
{[%emt 00:02:07]} Nb4 {[%clk 01:26:11]} {[%emt 00:01:02]} 26. Qd4 {[%clk
00:57:49]} {[%emt 00:02:16]} Qf5 {[%clk 01:25:10]} {[%emt 00:01:30]} 27. Qc4
{[%clk 00:57:31]} {[%emt 00:00:49]} Ne8 {[%clk 01:24:48]} {[%emt 00:00:52]} 28.
Bxb6 {[%clk 00:57:16]} {[%emt 00:00:46]} Qd7 {[%clk 01:24:30]} {[%emt
00:00:48]} 29. Re6 {[%clk 00:56:22]} {[%emt 00:01:24]} Bg5+ {[%clk 01:24:42]}
{[%emt 00:00:17]} 30. Be3 {[%clk 00:55:08]} {[%emt 00:01:44]} Bxe3+ {[%clk
01:24:48]} {[%emt 00:00:26]} 31. Rxe3 {[%emt 00:01:09]} g5 {[%clk 01:24:20]}
32. Rde1 {[%clk 00:53:21]} {[%emt 00:02:35]} Na6 {[%clk 01:23:51]} {[%emt
00:00:59]} 33. g4 {[%clk 00:50:46]} {[%emt 00:03:04]} Kb7 {[%clk 01:21:34]}
{[%emt 00:02:47]} 34. Rc3 {[%clk 00:48:53]} {[%emt 00:01:51]} 1/2-1/2

[Event "DEM U10w 2025"]
[Site "Willingen GER"]
[Date "2025.06.14"]
[Round "9"]
[White "Kruijssen, Hilde"]
[Black "Hellriegel, Emma"]
[Result "1-0"]
[Termination "normal"]
[Board "20"]
[WhiteElo "1457"]
[BlackElo "999"]
[WhiteClock "00:36:02"]
[BlackClock "01:02:21"]
[PlyCount "59"]
[WhiteFideId "40100090"]
[BlackFideId "533043558"]
[EventCountry "GER"]
[EventRounds "9"]
[EventType "swiss"]
[EventDate "2025.06.07"]

1. e4 {[%clk 01:30:58]} {[%emt 00:00:02]} e5 {[%clk 01:30:55]} {[%emt
00:00:06]} 2. Nf3 {[%clk 01:31:22]} {[%emt 00:00:05]} Nc6 {[%clk 01:31:18]}
{[%emt 00:00:08]} 3. d4 {[%clk 01:31:42]} {[%emt 00:00:10]} exd4 {[%clk
01:31:31]} {[%emt 00:00:18]} 4. Bc4 {[%clk 01:31:58]} {[%emt 00:00:13]} Nf6
{[%clk 01:31:32]} {[%emt 00:00:28]} 5. e5 {[%clk 01:32:03]} {[%emt 00:00:25]}
d5 {[%clk 01:31:22]} {[%emt 00:00:42]} 6. Bb5 {[%clk 01:31:55]} {[%emt
00:00:37]} Ne4 {[%clk 01:31:27]} {[%emt 00:00:23]} 7. Nxd4 {[%clk 01:31:37]}
{[%emt 00:00:49]} Bd7 {[%clk 01:31:21]} {[%emt 00:00:30]} 8. Bxc6 {[%clk
01:31:47]} {[%emt 00:00:26]} bxc6 {[%clk 01:31:22]} {[%emt 00:00:30]} 9. O-O
{[%clk 01:31:55]} {[%emt 00:00:21]} Bc5 {[%clk 01:31:00]} {[%emt 00:00:49]} 10.
f3 {[%clk 01:31:45]} {[%emt 00:00:42]} Ng5 {[%clk 01:30:01]} {[%emt 00:01:29]}
11. f4 {[%clk 01:31:35]} {[%emt 00:00:41]} Ne6 {[%clk 01:29:32]} {[%emt
00:00:56]} 12. c3 {[%clk 01:30:00]} {[%emt 00:02:07]} O-O {[%clk 01:27:23]}
{[%emt 00:02:41]} 13. f5 {[%clk 01:27:15]} {[%emt 00:03:14]} Nxd4 {[%clk
01:26:31]} {[%emt 00:01:23]} 14. cxd4 {[%clk 01:26:17]} {[%emt 00:01:28]} Be7
{[%clk 01:25:23]} {[%emt 00:01:37]} 15. Qf3 {[%clk 01:23:00]} {[%emt 00:03:46]}
g5 {[%clk 01:21:20]} {[%emt 00:04:32]} 16. f6 {[%clk 01:18:54]} {[%emt
00:04:39]} Bb4 {[%clk 01:19:47]} {[%emt 00:01:59]} 17. a3 {[%clk 01:17:26]}
{[%emt 00:02:03]} Ba5 {[%clk 01:19:56]} {[%emt 00:00:15]} 18. Qh5 {[%clk
01:15:11]} {[%emt 00:02:49]} Kh8 {[%clk 01:19:25]} {[%emt 00:01:00]} 19. Bxg5
{[%clk 01:13:28]} {[%emt 00:02:16]} Qe8 {[%clk 01:18:26]} {[%emt 00:01:21]} 20.
Bh6 {[%clk 01:09:45]} {[%emt 00:04:21]} Rg8 {[%clk 01:16:43]} {[%emt 00:02:08]}
21. Nc3 {[%clk 01:08:54]} {[%emt 00:01:25]} Bb6 {[%clk 01:15:54]} {[%emt
00:01:15]} 22. Ne2 {[%clk 01:06:07]} {[%emt 00:03:15]} c5 {[%clk 01:14:30]}
{[%emt 00:01:52]} 23. Rad1 {[%clk 00:51:00]} {[%emt 00:15:39]} Rg6 {[%clk
01:10:51]} {[%emt 00:04:14]} 24. Nf4 {[%clk 00:48:53]} {[%emt 00:02:36]} Rg4
{[%clk 01:07:49]} {[%emt 00:03:29]} 25. Bg7+ {[%clk 00:43:40]} {[%emt
00:05:32]} Kg8 {[%emt 00:05:27]} 26. Nh3 {[%emt 00:00:13]} cxd4 {[%emt
00:01:17]} 27. Ng5 {[%clk 00:36:13]} {[%emt 00:02:27]} h6 {[%clk 01:03:30]}
{[%emt 00:04:04]} 28. Qxh6 {[%clk 00:35:26]} {[%emt 00:01:19]} d3+ {[%clk
01:03:12]} {[%emt 00:00:49]} 29. Kh1 {[%clk 00:35:45]} {[%emt 00:00:10]} Rxg5
{[%clk 01:02:21]} {[%emt 00:01:23]} 30. Qh8# {[%clk 00:36:02]} {[%emt
00:00:12]} 1-0

[Event "DEM U10w 2025"]
[Site "Willingen GER"]
[Date "2025.06.14"]
[Round "9"]
[White "Braginets, Alisa"]
[Black "Kasperczyk, Sara"]
[Result "0-1"]
[Termination "normal"]
[Board "21"]
[WhiteElo "871"]
[BlackElo "784"]
[WhiteClock "00:52:36"]
[BlackClock "01:08:42"]
[PlyCount "54"]
[WhiteFideId "533041431"]
[BlackFideId "533043574"]
[EventCountry "GER"]
[EventRounds "9"]
[EventType "swiss"]
[EventDate "2025.06.07"]

1. e4 {[%clk 01:30:57]} {[%emt 00:00:02]} c6 {[%clk 01:30:43]} {[%emt
00:00:18]} 2. Nc3 {[%clk 01:30:49]} {[%emt 00:00:37]} Nf6 {[%clk 01:30:21]}
{[%emt 00:00:52]} 3. e5 {[%clk 01:30:03]} {[%emt 00:01:16]} Nd5 {[%clk
01:29:51]} {[%emt 00:01:02]} 4. Nxd5 {[%clk 01:30:11]} {[%emt 00:00:22]} cxd5
{[%clk 01:29:52]} {[%emt 00:00:29]} 5. d4 {[%clk 01:30:14]} {[%emt 00:00:25]}
e6 {[%clk 01:28:50]} {[%emt 00:01:33]} 6. Nf3 {[%clk 01:29:46]} {[%emt
00:00:57]} Be7 {[%clk 01:28:10]} {[%emt 00:01:11]} 7. Bd3 {[%clk 01:29:24]}
{[%emt 00:00:51]} d6 {[%clk 01:26:13]} {[%emt 00:02:28]} 8. O-O {[%clk
01:28:55]} {[%emt 00:00:59]} O-O {[%clk 01:23:38]} {[%emt 00:03:03]} 9. c4
{[%clk 01:28:32]} {[%emt 00:00:54]} Nc6 {[%clk 01:22:57]} {[%emt 00:01:11]} 10.
cxd5 {[%clk 01:26:44]} {[%emt 00:02:19]} exd5 {[%clk 01:22:33]} {[%emt
00:00:55]} 11. Bc2 {[%clk 01:24:19]} {[%emt 00:02:55]} g6 {[%clk 01:21:19]}
{[%emt 00:01:46]} 12. Qd2 {[%clk 01:22:46]} {[%emt 00:02:01]} Bg4 {[%clk
01:19:40]} {[%emt 00:02:08]} 13. Bd1 {[%clk 01:17:51]} {[%emt 00:05:21]} Qc7
{[%clk 01:16:15]} {[%emt 00:04:00]} 14. Qh6 {[%clk 01:16:50]} {[%emt 00:01:05]}
Bxf3 {[%clk 01:15:20]} {[%emt 00:01:49]} 15. Bxf3 {[%clk 01:16:59]} {[%emt
00:00:21]} Nxd4 {[%clk 01:14:38]} {[%emt 00:01:13]} 16. Be3 {[%clk 01:12:56]}
{[%emt 00:04:32]} Nxf3+ {[%clk 01:14:18]} {[%emt 00:00:51]} 17. gxf3 {[%clk
01:12:52]} {[%emt 00:00:32]} dxe5 {[%clk 01:13:35]} {[%emt 00:01:15]} 18. Rac1
{[%clk 01:06:10]} {[%emt 00:07:11]} Qd7 {[%clk 01:13:29]} {[%emt 00:00:38]} 19.
Bc5 {[%clk 01:00:46]} {[%emt 00:05:45]} Bxc5 {[%clk 01:13:34]} {[%emt
00:00:34]} 20. Rxc5 {[%clk 01:01:01]} {[%emt 00:00:15]} e4 {[%clk 01:13:31]}
{[%emt 00:00:32]} 21. fxe4 {[%clk 01:00:36]} {[%emt 00:00:53]} Qg4+ {[%clk
01:13:02]} {[%emt 00:00:56]} 22. Kh1 {[%clk 01:00:22]} {[%emt 00:00:47]} Rae8
{[%clk 01:12:30]} {[%emt 00:01:04]} 23. exd5 {[%clk 00:55:59]} {[%emt
00:04:53]} Qf3+ {[%clk 01:11:16]} {[%emt 00:01:39]} 24. Kg1 {[%clk 00:55:38]}
{[%emt 00:00:52]} Re4 {[%clk 01:11:02]} {[%emt 00:00:42]} 25. Rfc1 {[%clk
00:53:18]} {[%emt 00:02:53]} Rg4+ {[%clk 01:10:44]} {[%emt 00:00:47]} 26. Kf1
{[%clk 00:53:25]} {[%emt 00:00:24]} Qd3+ {[%clk 01:09:22]} {[%emt 00:01:46]}
27. Ke1 {[%clk 00:52:36]} {[%emt 00:01:26]} Rg1# {[%clk 01:08:42]} {[%emt
00:01:06]} 0-1